000 00431nam a2200157 i 4500
001 94646
003 ES-MaACL
005 20230906181527.0
007 t|
008 050511s1916 fr ||||1| fre d
100 1 _aLote, René.
_974293
245 1 3 _aLe Péril allemand et l'Europe /
_cRené Lote.
260 _aParis :
_bLibraire Felix Alcan,
_c1916.
650 0 4 _aGuerra mundial, 1914-1918.
_913212
852 _aES-MaACL
_j1534-F-5
999 _c94646
_d94646